000 00808nam a2200241 a 4500
005 20241012064021.0
008 090603s2005 mx r 000 0 spa d
020 _a9505074271
035 _aUPN01000170930
049 _aCG
050 4 _aGV1203
_bG3.4 2005
100 1 _aGamboa de Vitelleschi, Susana
_931594
245 1 0 _aJuegos creativos desde la palabra /
_cSusana Gamboa de Vitelleschi.
250 _a5a ed.
260 _aBuenos Aires :
_bBonum,
_c2005.
300 _a166, [7] p.
500 _a"Para los que saben y no saben leer, a partir de 5 años sin límite de edad. Interesante propuesta para maestros, profesores especiales y recreadores"
650 4 _aJuegos educativos
_93952
650 2 _aCreatividad
_95008
650 2 _aDiversiones
_914883
905 _aLibro
999 _c143035
_d143035